| 000 | 01370cam a22003737a 4500 | ||
|---|---|---|---|
| 003 | CHAP | ||
| 005 | 20220817043807.0 | ||
| 008 | 010913d1981 mx a r 00110 spa d | ||
| 010 | _a84623 | ||
| 011 | _a85595 | ||
| 035 | _a96129 | ||
| 040 | _cCHAP | ||
| 090 | _aFolleto 16190 | ||
| 100 | 0 | 0 | _aRincón Carreon, José Isidro. |
| 245 | 1 | 0 |
_aGuía para cultivar girasol de temporal en los Valles Altos _c/por José Isidro Rincón Carreon |
| 260 |
_aChapingo, Méx. : _bInstituto Nacional de Investigaciones Agrícolas, Campo Agrícola Experimental Valle de México _c1981. |
||
| 300 |
_a12 h. ; _blus. |
||
| 500 | _ac.2-3 fotocopia | ||
| 590 |
_aBATCH-UPD _b10 _c20130109 _lUCH01 _h2313 |
||
| 590 |
_aBATCH-UPD _b10 _c20130110 _lUCH01 _h0021 |
||
| 590 |
_aBATCH-UPD _b10 _c20130110 _lUCH01 _h0611 |
||
| 590 |
_aBATCH-UPD _b10 _c20130410 _lUCH01 _h0253 |
||
| 590 |
_aBATCH-UPD _b10 _c20130914 _lUCH01 _h1544 |
||
| 590 |
_aCONVERSION _b10 _c20130109 _lUCH01 _h1347 |
||
| 650 | 0 | 4 |
_aGirasol _xMalas hierbas _xControl. _948160 |
| 650 | 1 | 4 |
_aGirasol _xFechas de siembra. _948146 |
| 650 | 1 | 4 |
_aGirasol _xPlagas. _948168 |
| 901 | _aBK | ||
| 905 | _aMayto Villalobos S. | ||
| 942 | _cFOLL | ||
| 949 |
_aFolleto 16190 _bBC _cFOLL _d961291 _eTS1 _i96129 _sb |
||
| 949 |
_aFolleto 16190 _bBC _cFOLL _d961292 _eTS2 _fc.2 _i96129 _sb |
||
| 949 |
_aFolleto 16190 _bBC _cFOLL _d961293 _eTS2 _fc.3 _i96129 _sb |
||
| 999 |
_c84623 _d84623 |
||